<?xml version="1.0" encoding="UTF-8"?>
<collection xmlns="http://www.loc.gov/MARC21/slim">
 <record>
  <leader>00573nab a2200157 i 4500</leader>
  <controlfield tag="001">delm139051</controlfield>
  <controlfield tag="005">20191217150157.0</controlfield>
  <controlfield tag="008">191217s2007    hu      o     0||   hun d</controlfield>
  <datafield tag="040" ind1=" " ind2=" ">
   <subfield code="a">SZTE Délmagyarország Archívum</subfield>
   <subfield code="b">hun</subfield>
  </datafield>
  <datafield tag="041" ind1=" " ind2=" ">
   <subfield code="a">hun</subfield>
  </datafield>
  <datafield tag="100" ind1="2" ind2=" ">
   <subfield code="a">Szabó C. Szilárd</subfield>
  </datafield>
  <datafield tag="245" ind1="1" ind2="0">
   <subfield code="a">Különleges irodaház épül a híd lábánál </subfield>
   <subfield code="h">[elektronikus dokumentum] :</subfield>
   <subfield code="b">az Arcadom 175 millióért vásárolta meg az újszegedi ingatlant /</subfield>
   <subfield code="c"> Szabó C. Szilárd</subfield>
  </datafield>
  <datafield tag="260" ind1=" " ind2=" ">
   <subfield code="c">2007-10-18</subfield>
  </datafield>
  <datafield tag="300" ind1=" " ind2=" ">
   <subfield code="a">5</subfield>
  </datafield>
  <datafield tag="490" ind1="0" ind2=" ">
   <subfield code="a">Délmagyarország</subfield>
   <subfield code="v">97 No. 244</subfield>
  </datafield>
  <datafield tag="695" ind1=" " ind2=" ">
   <subfield code="a">Szeged, Irodaház Újszeged építkezés</subfield>
  </datafield>
 </record>
</collection>
